| 000 | 00685cam a22002291 4500 | ||
|---|---|---|---|
| 001 | l 23000274 | ||
| 003 | DLC | ||
| 005 | 20260227111529.0 | ||
| 008 | 890523s1923 fr 000 0 fre | ||
| 010 | _al 23000274 | ||
| 035 | _a(OCoLC)23413744 | ||
| 040 |
_aDLC _cMiU _dDLC |
||
| 042 | _apremarc | ||
| 043 | _ae-au--- | ||
| 050 | 0 | 0 | _aHD7880 |
| 100 | 1 |
_aNiox Chateau, Jean Odon, _d1881- |
|
| 245 | 1 | 4 | _aLes conseils d'entreprise et le contrĂ´le ouvrier en Autriche, |
| 260 |
_aParis, _bDes presses universitaires de France, _c1923. |
||
| 300 |
_a2 p. l., 185, [1] p. _c25 cm. |
||
| 650 | 0 |
_aLabor and laboring classes _zAustria. |
|
| 650 | 0 |
_aManagement _xEmployee participation |
|
| 999 |
_c35719 _d35719 |
||